| 000 -ლიდერი |
| ფიქსირებული სიგრძის საკონტროლო ველი |
01505nam a2200229Ia 4500 |
| 001 - საკონტროლო ნომერი |
| საკონტროლო ველი |
23488 |
| 003 - საკონტროლო ნომრის იდენტიფიკატორი |
| საკონტროლო ველი |
GE_BSU |
| 005 - ბოლო ოპერაციის თარიღი და დრო |
| საკონტროლო ველი |
20260206150517.0 |
| 008 - ფიქსირებული სიგრძის მონაცემთა ელემენტები - ზოგადი ინფორმაცია |
| ფიქსირებული სიგრძის საკონტროლო ველი |
181216s1987||||ge |||||||||||||| ||geo|| |
| 040 ## - კატალოგიზაციის წყარო |
| Transcribing agency |
GE_BSU |
| 041 ## - ენის კოდი |
| Language code of text/sound track or separate title |
geo |
| 080 ## - უნივერსალური ათობითი კლასიფიკაციის ინდექსი |
| Universal Decimal Classification number |
94(479.22)(093უცხ.)+930.2(4) ტ-13 |
| 100 ## - მთავარი ჩანაწერი - პიროვნების სახელი |
| Personal name |
ტაბაღუა, ილია |
| 9 (RLIN) |
26811 |
| 245 ## - ცნობა სათაურის შესახებ |
| Title |
საქართველო ევროპის არქივებსა და წიგნსაცავებში. წ. 3, (XIII-XX სს-ის პირველი მეოთხედი) : |
| Remainder of title |
(1628-1633 წწ.) / |
| Statement of responsibility, etc |
ილია ტაბაღუა ; რედ. გ. ბუაჩიძე ; საქ. სსრ მეცნ. აკად., ი. ჯავახიშვილის სახ. ისტ., არქეოლ. და ეთნოგრ. ინ-ტი. |
| 264 ## - წარმოების, გამოცემის, დისტრიბუციის და სხვა ცნობები |
| გამოცემის, წარმოების, დისტრიბუციის... ადგილი |
თბილისი : |
| გამოცემის, წარმოების, დისტრიბუციის... სახელწოდება |
მეცნიერება, |
| გამოცემის, წარმოების, დისტრიბუციის... თარიღი |
1987. |
| 300 ## - ფიზიკური აღწერა |
| Extent |
332 გვ.; |
| Dimensions |
20 სმ. |
| 653 ## - INDEX TERM--UNCONTROLLED |
| Uncontrolled term |
საქართველო ევროპის არქივებსა და წიგნსაცავებში. წ. 3, (XIII-XX სს-ის პირველი მეოთხედი) : (1628-1633 წწ. |
| 653 ## - INDEX TERM--UNCONTROLLED |
| Uncontrolled term |
საქართველოს ისტორია |
| 653 ## - INDEX TERM--UNCONTROLLED |
| Uncontrolled term |
საქართველოს ისტორიის უცხოური წყაროები |
| 700 ## - ADDED ENTRY--PERSONAL NAME |
| Personal name |
ბუაჩიძე, გ. |
| Relator term |
რედაქტორი |
| 9 (RLIN) |
16076 |
| 942 ## - ADDED ENTRY ELEMENTS (KOHA) |
| Koha item type |
წიგნი |
| Source of classification or shelving scheme |
|